Üçüncü Türk Dil Kurultayı (Record no. 4367)

MARC details
000 -BAŞLIK
Sabit Uzunlukta Kontrol Alanı 00690na a2200241 4500
001 - KONTROL NUMARASI
Denetim Alanı 16069
003 - KONTROL NUMARASI IDENTIFIER
Denetim Alanı MIRAKIL
005 - SON İŞLEM TARİHİ VE ZAMANI
Denetim Alanı 20181213155003.0
008 - SABİT-BOY VERİ ELEMANLARI - GENEL BİLGİLER
Sabit Uzunlukta Kontrol Alanı 161022b tu 000 0
035 ## - SİSTEM KONTROL NUMARASI
Sistem Kontrol Numarası 16069
040 ## - KATALOGLAMA KAYNAK
Orijinal Kataloglama Ajansı Milas
Kataloglama Dili tur
Metne Dönüştürmek Ajansı TR-AnCHP
041 ## - DİL KODU
Metin / Ses Parça Veya Ayrı Başlığın Dil Kodu tur
082 ## - DEWEY ONLU SINIFLANDIRMA NUMARASI
Sınıflandırma Numarası 410.6
Ürün Numarası T96ü 1937
090 ## - SINIFLAMA NUMARASI
Sınıflama Numarası 410.6 T96ü 1937
111 ## - ANA GİRİŞ - TOPLANTI ADI
Giriş Elemanı Olarak Toplantı Adı Veya Yargı Alanı Adı Türk Dili Kurultayı
Toplantının Yeri Ankara
Toplantı Veya Antlaşma İmzalandığı Tarihi 1936
Bölüm / Bölüm / Toplantı Sayısı 3.
245 ## - BAŞLIK TABLOSU
Başlık Üçüncü Türk Dil Kurultayı
Başlığın Kalan Tezler, müzakere zabıtlar
Sorumluluk Tablosu, Vb Türk Dil Kurumu
260 ## - YAYIN, DAĞITIM, VB
Yayın, Dağıtım, Vb Yeri İstanbul
Yayıncı, Dağıtıcı, Vs Adı Türk Dil Kurumu
Yayın, Dağıtım, Vb Tarihi 1937
300 ## - FİZİKSEL TANIM
Kapsam 501 s.
Diğer Fiziksel Ayrıntıları ftg.
Boyutlar 23 sm.
504 ## - KAYNAKÇA VB NOT
Kaynakça Vb Notu Dizin var.
650 ## - KONU KATMA GİRİŞ - TOPİKAL DÖNEM
Topikal Süreli Veya Coğrafi Ad Giriş Elemanı Türk dili
Genel Alt Bölümü Kurultaylar
650 ## - KONU KATMA GİRİŞ - TOPİKAL DÖNEM
Topikal Süreli Veya Coğrafi Ad Giriş Elemanı Türk dili
Genel Alt Bölümü Toplantılar
942 ## - EKLENDİ GİRİŞ ELEMANLARI (KOHA)
Sınıflandırma Veya Raf Düzeni Kaynak Dewey Decimal Classification
Koha Öğesi Türü Books
999 ## - SİSTEM KONTROL NUMARALARI (KOHA)
Koha Biblionumber 4367
Koha Biblioitemnumber 4367
Holdings
Kalıcı Konum Mevcut Konum Edinme Tarihi Edinim Kaynak Toplam Check-Out'Lar Tam Çağrı Numarası Barkod Tarih Son Görülme İtibaren Geçerli Fiyatlar Koha Öğesi Türü
CHP Kütüphanesi CHP Kütüphanesi 09/29/2016 Bağış   410.6 T96ü 1937 004660 09/29/2016 09/29/2016 Books